000 00482pab a2200169 454500
008 180718b2011 xxu||||| |||| 00| 0 eng d
100 _aBoone, Catherine
245 _aPolitically allocated land rights and the geography of electoral violence: The case of Kenya in the 1990s
260 _c2011
300 _ap.1311-1342.
362 _aOct
650 _aLand tenure - Kenya
650 _aLand tenure
773 _aComparative Political Studies
908 _aN
909 _a93870
999 _c93870
_d93870